000 01247nam a2200301 a 4500
001 ebr10512134
003 CaPaEBR
006 m u
007 cr cn|||||||||
008 111212s2008 sp k sb 000 0 eng d
020 _z9789284412334 ISBN UNWTO
020 _z9789221212577
020 _z9789221212584 (e-book)
040 _aCaPaEBR
_cCaPaEBR
035 _a(OCoLC)769190097
050 1 4 _aHD5718.T64
_bS68 2008eb
245 0 0 _aSources and methods
_h[electronic resource] :
_blabour statistics : employment in the tourism industries, special edition.
260 _aMadrid :
_bInternational Labour Office :
_bWorld Tourism Organization,
_c2008.
300 _ax, 424 p. :
_bforms.
504 _aIncludes bibliographical references.
533 _aElectronic reproduction.
_bPalo Alto, Calif. :
_cebrary,
_d2011.
_nAvailable via World Wide Web.
_nAccess may be limited to ebrary affiliated libraries.
650 0 _aTourism
_vStatistics.
650 0 _aLabor supply
_vStatistics.
655 7 _aElectronic books.
_2local
710 2 _aInternational Labour Organization.
710 2 _aebrary, Inc.
856 4 0 _uhttp://site.ebrary.com/lib/rucke/Doc?id=10512134
_zAn electronic book accessible through the World Wide Web; click to view
999 _c119862
_d119862